Rezidentné programovanie

Saved in:
Bibliographic Details
Main Author: Mařik, Miroslav
Format: Book
Language:Slovak
Published: Prešov ZO SZM VUKOV 1989
Edition:1. vyd.
Tags: Add Tag
No Tags, Be the first to tag this record!

MARC

LEADER 00000nam a2200000 4500
001 c026709
005 20221215071358.7
041 0 |a slo 
044 |a SK 
245 1 0 |a Rezidentné programovanie  |c Miroslav Mařik 
250 |a 1. vyd. 
264 1 |a Prešov  |b ZO SZM VUKOV  |c 1989 
300 |a 204 s. 
100 1 |a Mařik, Miroslav